Implicaciones educativas de la inteligencia emocional
Guardat en:
| Autors principals: | , , , |
|---|---|
| Format: | Llibre |
| Idioma: | espanyol |
| Publicat: |
Madrid
UNED
1999
|
| Col·lecció: | Cursos de formación del profesorado UNED
|
| Matèries: | |
| Etiquetes: |
Afegir etiqueta
Sense etiquetes, Sigues el primer a etiquetar aquest registre!
|
MARC
| LEADER | 00000nam a2200000 a 4500 | ||
|---|---|---|---|
| 001 | UCH9639 | ||
| 003 | CL-VaPUC | ||
| 008 | 100114e19990000SP |||||||||||||||||spa|d | ||
| 082 | 0 | 4 | |a 370.153 |b GAL |2 21 |
| 100 | |a Gallego Gil, Domingo J |e author |9 572305 | ||
| 700 | 0 | |a Alonso, Catalina M |e author |9 222226 | |
| 700 | 0 | |a Cruz, Ana M |e author |9 546834 | |
| 700 | 0 | |a Lizama, Luis |e author |9 546835 | |
| 245 | 1 | 0 | |a Implicaciones educativas de la inteligencia emocional |
| 300 | |a 319 p | ||
| 942 | |c BK | ||
| 945 | |d 20100114 00:00:00 |a dcastane | ||
| 260 | |a Madrid |b UNED |c 1999 | ||
| 650 | 0 | |a Inteligencia emocional |9 430453 | |
| 650 | 7 | |a TESTS DE INTELIGENCIA |2 CL-VaPUC |9 309468 | |
| 650 | 7 | |a COEFICIENTE INTELECTUAL |2 CL-VaPUC |9 310797 | |
| 583 | |a last modification |c 20100114 00:00:00 |k Rodrigo Vera | ||
| 490 | 0 | |a Cursos de formación del profesorado UNED | |
| 999 | |c 339560 |d 339558 | ||
| 952 | |0 0 |1 0 |4 0 |6 370_153000000000000_GAL_1999 |7 0 |8 A |9 433269 |a BIBEDU |b BIBEDU |d 2019-11-22 |i 463392K |o 370.153 GAL 1999 |p 463392K |r 2019-11-22 |w 2019-11-22 |y BK |k EPE | ||